Statistics for Pre Departure

Click here to take the quiz!

General Stats

  • This quiz has been taken 2 times
  • The average score is 4 of 8

Answer Stats

QuestionAnswer% Correct
Why rush bags should be forwarded as soon as possible?All
100%
When managing offload situations,determine the types of baggage with lowest loading priorities:OAL Expedite (Rush) Baggage - AUH Economy Class Baggage
100%
What are the types of RUSH:Rush Bag Files – Forward Held Bags – Forward On Hand Bags – Forward Bags to LZ.
100%
What is the correct procedure Rush handling during pre departure?All
50%
Select the one of pre departure tasks:Create Rush
50%
Who shall you inform when forwarding rush?All
0%
From the Action File; which message is not required from the GHA to check before departure ?ROH
0%
When are bags rushed (forwarded) to a station? (which answer is INCORRECT)When there is 100% AHL Match.
0%

Score Distribution

Percentile by Number Answered

Percent of People with Each Score

Your Score History

You have not taken this quiz